000 01327cad a22002055a 4500
001 L155668
008 120402e2012 xxk 000 0 eng d
035 _a(Sirsi) u155668
041 0 _aeng
110 2 _aJones Lang LaSalle
_93755
245 0 0 _aChina50
_bfifty real estate markets that matter
_h[electronic resource]
260 _a[S.l.]
_bJLL
_c2012
490 0 _aJLL World Winning Cities Global Foresight Series 2012
_vMarch 2012
520 _aFocuses on 50 secondary and tertiary cities across mainland China that are being transformed at an unprecedented rate by the scale of building, the pace of economic development and huge levels of infrastructure investment, cities that will be hitting the headlines over the next decade. China50 equates to a continental size economy. Retail is seen as a significant real estate opportunity. Logistics is an underdeveloped sector. Business parks are aligning with new growth industries. Domestic firms are driving office space demand in Tier 1.5 cities. Opportunities for international brands in the China50 hotel market. Property investment overview.
590 _aKA
651 4 _aChina
690 _aCommercial property
_96227
856 4 0 _uhttps://www.joneslanglasalle.com.cn/China/EN-GB/Pages/ResearchFilter.aspx
_zView the report at www.joneslanglasalle.com
942 _n0
999 _c83893
_d83893